000 00367 a2200157 4500
001 192478
020 _a978-85-260-2242-3
040 _cMagnum
100 _aQueirós, Bartolomeu Campos de
240 1 0 _aDe bichinhos e não só
_lpor
245 1 0 _aDe bichinhos e não só
300 _a31
362 0 _a2016
697 _aLITERATURA INFANTO-JUVENIL
942 _cBK
999 _c192478
_d192478